UBT Library

ACCOUNTING FOR GOVERNMENTAL NONPROFIT ORGANIZATIONS (Record no. 60091)

000 -LEADER
fixed length control field 00361nam a22001457a 4500
008 - FIXED-LENGTH DATA ELEMENTS--GENERAL INFORMATION
fixed length control field 230705b ||||| |||| 00| 0 eng d
020 ## - INTERNATIONAL STANDARD BOOK NUMBER
International Standard Book Number 9781618532640
041 ## - LANGUAGE CODE
Language code of text/sound track or separate title eng
080 ## - UNIVERSAL DECIMAL CLASSIFICATION NUMBER
Edition identifier FIRST EDITION
Universal Decimal Classification number 334.7
082 ## - DEWEY DECIMAL CLASSIFICATION NUMBER
Classification number 334.7PAT
100 ## - Rafti
Rafti 23
101 ## - Shkurtesa
Shkurtesa MBE
245 ## - TITLE STATEMENT
Title ACCOUNTING FOR GOVERNMENTAL NONPROFIT ORGANIZATIONS
Statement of responsibility, etc PATTON.T
942 ## - ADDED ENTRY ELEMENTS (KOHA)
Source of classification or shelving scheme
Item type Books
Holdings
Withdrawn status Lost status Source of classification or shelving scheme Damaged status Not for loan Collection code Permanent location Current location Date acquired Total Checkouts Full call number Barcode Date last seen Price effective from Koha item type
          Koleksioni i përgjithshem UBT - Lipjan UBT - Lipjan 07/05/2023   334.7PAT 002-800080754 07/05/2023 07/05/2023 Books
UBT Library © 2015-2024. All rights reserved University Education for Business and Technology